Statistics for Escape the Night S1-S3 Characters

Click here to take the quiz!

General Stats

  • This quiz has been taken 172 times
  • The average score is 19 of 29

Answer Stats

PersonAnswer% Correct
Rosanna PansinoThe Jet Setter
82%
Eva GutowskiThe Journalist
82%
Colleen BallingerThe Disco Dancer
77%
Timothy DeLaGhettoThe Mobster
77%
Matthew PatrickThe Detective
76%
Oli WhiteThe Big Game Hunter
75%
GloZell GreenThe Jazz Singer
74%
Joey GraceffaThe Savant
74%
Roi FabitoThe Daredevil
71%
Nikita DragunThe Troublemaker
71%
Justine EzarikThe Gambler
70%
Lele PonsThe Hustler
70%
Liza KoshyThe Explorer
69%
Andrea BrooksThe Fixer
67%
Tana MongeauThe Saloon Girl
67%
DeStorm PowerThe Railroad Tycoon
65%
JC CaylenThe Hippie
64%
Teala DunnThe Super Spy
62%
Sierra FurtadoThe Heiress
60%
Manny GuttierezThe Record Producer
60%
Andrea RussettThe Mystic
58%
Lauren RiihimakiThe Engineer
57%
Matt HaggThe Professor
57%
Tyler OakleyThe Thespian
57%
Alex WassabiThe Novelist
55%
Shane DawsonThe Renegade
53%
Jesse WellensThe Outlaw
52%
Gabbie HannaThe Vaudevillian
52%
Safiya NygaardThe Investigative Reporter
49%

Score Distribution

Percentile by Number Answered

Percent of People with Each Score

Your Score History

You have not taken this quiz